Statistics for Name a Valid Number 1 Hit (UK)

Click here to take the quiz!

General Stats

  • This quiz has been taken 153 times
  • The average score is 12 of 20

Answer Stats

Name a Number 1 song by...Answers% Correct
The BeatlesFrom Me to You | She Loves You | I Want to Hold Your Hand | Can’t Buy Me Love | A Hard Day’s Night | I Feel Fine | Ticket to Ride | Help! | We Can Work It Out | Paperback Writer | Yellow Submarine | All You Need Is Love | Hello, Goodbye | Lady Madonna | Hey Jude | Get Back | The Ballad of John and Yoko
95%
QueenBohemian Rhapsody | Under Pressure | Innuendo | We Will Rock You
89%
Michael Jackson (not counting The Jackson 5)One Day in Your Life | Billie Jean | We Are the World | I Just Can’t Stop Loving You | Do the Bartman | Black or White | You Are Not Alone | Earth Song | Blood on the Dance Floor
87%
RihannaUmbrella | Take a Bow | Run This Town | Only Girl (In the World) | What’s My Name? | We Found Love | Diamonds | The Monster | Wild Thoughts
83%
ABBAWaterloo | Mamma Mia | Fernando | Dancing Queen | Knowing Me, Knowing You | The Name of the Game | Take a Chance on Me | The Winner Takes It All | Super Trouper
80%
EminemThe Real Slim Shady | Stan | Without Me | Lose Yourself | Just Lose It | Like Toy Soldiers | Smack That | Not Afraid | The Monster | River | Godzilla
76%
Elvis PresleyAll Shook Up | Jailhouse Rock | One Night/I Got Stung | I Need Your Love Tonight/(Now and Then There’s) A Fool Such As I | It’s Now or Never | Are You Lonesome Tonight? | Wooden Heart | Surrender | Little Sister/(Marie’s the Name) His Latest Flame | Rock-A-Hula Baby/Can’t Help Falling in Love | Good Luck Charm | She’s Not You | Return to Sender | (You’re The) Devil in Disguise | Crying in the Chapel
73%
MadonnaInto the Groove | Papa Don’t Preach | True Blue | La Isla Bonita | Who’s That Girl | Like a Prayer | Vogue | Frozen | American Pie | Music | Hung Up | Sorry | 4 Minutes
73%
Whitney HoustonSaving All My Love for You | I Wanna Dance with Somebody (Who Loves Me) | One Moment in Time | I Will Always Love You
71%
Céline DionThink Twice | My Heart Will Go On
70%
Elton JohnDon’t Go Breaking My Heart | Healing Hands/Sacrifice | Don’t Let the Sun Go Down on Me | Candle in the Wind 1997 | Sorry Seems to Be the Hardest Word | Are You Ready for Love (Remix) | Ghetto Gospel | Cold Heart (Pnau Remix) | Merry Christmas | Sausage Rolls for Everyone
64%
The Rolling StonesIt’s All Over Now | Little Red Rooster | The Last Time/Play with Fire | (I Can’t Get No) Satisfaction | Get Off of My Cloud | Paint It Black | Jumpin’ Jack Flash | Honky Tonk Women
64%
Mariah CareyWithout You | All I Want for Christmas Is You | Against All Odds (Take a Look at Me Now) | Everybody Hurts
59%
Justin BieberWhat Do You Mean? | Sorry | Love Yourself | Cold Water | I'm The One | I Don’t Care
51%
Billy JoelUptown Girl
46%
U2Desire | The Fly | Discothèque | Beautiful Day | Take Me to the Clouds Above | Vertigo | Sometimes You Can’t Make It on Your Own
31%
Phil CollinsYou Can’t Hurry Love | Easy Lover | A Groovy Kind of Love
21%
Taylor SwiftLook What You Made Me Do
19%
Frank SinatraThree Coins in the Fountain | Strangers in the Night | Somethin’ Stupid
13%
Barbra StreisandWoman in Love
12%

Score Distribution

Percentile by Number Answered

Percent of People with Each Score

Your Score History

You have not taken this quiz